Tratado general de perfumería y cosmética / (Record no. 142347)

MARC details
000 -LEADER
campo de control de longitud fija 00638nam a22002051 4500
001 - NÚMERO DE CONTROL
campo de control 142347
003 - IDENTIFICADOR DE NÚMERO DE CONTROL
campo de control ES-MaACL
005 - FECHA Y HORA DE LA ÚLTIMA TRANSACCIÓN
campo de control 20230906200511.0
007 - CAMPO FIJO DE DESCRIPCIÓN FÍSICA--INFORMACIÓN GENERAL
campo de control de longitud fija t|
008 - DATOS DE LONGITUD FIJA--INFORMACIÓN GENERAL
campo de control de longitud fija 071004s1947 sp ||||0| spa d
016 7# - NÚMERO DE CONTROL DE UNA AGENCIA BIBLIOGRÁFICA NACIONAL
Número de control cancelado/no válido IND2000946875
040 ## - FUENTE DE CATALOGACIÓN
Centro catalogador/agencia de origen M-BN
Lengua de catalogación spa
Centro/agencia transcriptor CDM
080 ## - NÚMERO DE LA CLASIFICACIÓN DECIMAL UNIVERSAL
Número de la Clasificación Decimal Universal 668.5
100 1# - ENTRADA PRINCIPAL--NOMBRE DE PERSONA
Nombre de persona Winter, Fred.
9 (RLIN) 117110
245 10 - MENCIÓN DEL TÍTULO
Título Tratado general de perfumería y cosmética /
Mención de responsabilidad, etc. Fred Winter ; versión de la tercera edición original por Martín Krèamer.
260 ## - PUBLICACIÓN, DISTRIBUCIÓN, ETC.
Lugar de publicación, distribución, etc. Barcelona :
Nombre del editor, distribuidor, etc. Gustavo Gili,
Fecha de publicación, distribución, etc. 1947.
300 ## - DESCRIPCIÓN FÍSICA
Extensión 1038 p. :
Otras características físicas il. ;
Dimensiones 27 cm.
700 1# - ENTRADA AGREGADA--NOMBRE PERSONAL
Nombre de persona Krèamer, Martin.
9 (RLIN) 128497
852 ## - LOCALIZACIÓN
Ubicación ES-MaACL
Número de control de estantería D-7099
Sublocalización o colección R.32089
Holdings
Estatus retirado Estado de pérdida Estado de daño No para préstamo Biblioteca de origen Biblioteca actual Ubicación en estantería Fecha de adquisición Fuente de adquisición Total de préstamos Signatura topográfica completa Código de barras Visto por última vez Precio de reemplazo Tipo de ítem Koha
        Biblioteca del Ateneo de Madrid Biblioteca del Ateneo de Madrid Sala Valle Inclán 17/01/2008     D-7099 901148112 23/02/2023 23/02/2023 Libro impreso